000 00271nam a22001097a 4500
008 180803b xxu||||| |||| 00| 0 eng d
082 _a813.52
245 _aOral Communication for the Real World
_cKozyrev,J.R
260 _c1998
300 _a2
_fCassette
942 _2ddc
_cMX
999 _c46787
_d46787